000 00438nam a2200181Ia 4500
001 15079
005 20260306165001.0
008 260306t2023||||xx |||||||||||||| ||spa||
041 _aESP
082 _a530
_bG91 II 2023
100 _aLinares Málaga, Rubel,
_eAUT
245 0 _aGuía de práctica de física II
260 _c2023
300 _a85 páginas :
_c29 cm.
650 _aGEN
654 _aCCN
942 _cLIB
_dJUS
_fJUS
_2ddc
_n
999 _c15079
_d15079